| 000 | 00624nam a2200229Ia 4500 | ||
|---|---|---|---|
| 003 | OSt | ||
| 005 | 20220926043006.0 | ||
| 006 | a|||||r|||| 00| 0 | ||
| 007 | ta | ||
| 008 | 220923b |||||||| |||| 00| 0 eng d | ||
| 037 | _cGeneral Book | ||
| 040 |
_aRTL _cRTL _beng |
||
| 041 |
_2eng _aeng |
||
| 082 | _aY31.25244k.N6, K3 | ||
| 100 | _aWiser William H | ||
| 245 | 0 | _aBehind mud walls, 1930-1960 | |
| 260 | _c1963 | ||
| 650 | _aRural Sociology | ||
| 700 | _a Wiser Charlotte Viall | ||
| 942 |
_hY31.25244k.N6, K3 _cGB _2CC |
||
| 999 |
_c671151 _d671151 |
||